Informe del Presidente de la República, Virgilio Barco, al Congreso Nacional, 20 de julio de 1990.

Bibliographic Details
Corporate Authors: Colombia. President (1986-1990 : Barco), Colombia. Presidencia de la República
Other Authors: Barco, Virgilio
Format: Book
Language:Spanish
Published: [Bogotá, Colombia] : [Imprenta Nacional de Colombia], [1990]
Subjects:

MARC

Tag First Indicator Second Indicator Subfields
LEADER 00000cam a2200000 a 4500
001 in00000990204
005 20160310151255.0
008 900924s1990 ck f00010 spa d
035 |a (OCoLC)22423836 
035 |9 AEY9346AM 
040 |a RCE  |c RCE  |d TXA  |d UtOrBLW 
049 |a TXAM 
090 |a J220  |b .N362 1990 
110 1 |a Colombia.  |b President (1986-1990 : Barco) 
245 1 0 |a Informe del Presidente de la República, Virgilio Barco, al Congreso Nacional, 20 de julio de 1990. 
264 1 |a [Bogotá, Colombia] :  |b [Imprenta Nacional de Colombia],  |c [1990] 
300 |a volumes ;  |c 24 cm. 
336 |a text  |b txt  |2 rdacontent 
337 |a unmediated  |b n  |2 rdamedia 
338 |a volume  |b nc  |2 rdacarrier 
505 0 |a v. 1. Así cumplimos: Palabras del Señor Presidente de la República, Virgilio Barco, en la instalación del Congreso Nacional, 20 de julio de 1990 -- v. 2. El fortalecimiento de la democracia: el esquema Gobierno-Partidos de Oposición, la democracia participativa y la paz -- v. 3. Una política exterior para el cambio -- v. 4. La reconciliación nacional: resultados y alcances de la política de paz -- v. 5. En defensa de la democracia: la lucha contra el narcotráfico y el terrorismo -- v. 6. Por la vigencia de los derechos humanos -- v. 7 pt.1 and pt.2. El restablecimiento del orden público: una utilización innovadora del Estado de Sitio -- v. 8. Del plebiscito a la Asamblea Constitucional -- v. 9. Ocho reformas políticas por la Soberanía Popular -- v. 10. La economía social: estabilidad, progreso y modernización -- v. 11. Resultados de la política social -- v. 12. Modernización de la infraestructura de transporte: inversiones para unir a Colombia --v. 13. Reforma Administrativa: eficacia, responsabilidad y democratizacion 
651 0 |a Colombia  |x Politics and government  |y 1974- 
651 0 |a Colombia  |x Economic policy. 
651 0 |a Colombia  |x Social policy. 
651 0 |a Colombia  |x Foreign relations  |y 1974- 
710 1 |a Colombia.  |b Presidencia de la República. 
700 1 |a Barco, Virgilio. 
999 |a MARS 
999 f f |s b4b639a2-34d6-31d8-b893-1684b11d4d9c  |i dedc4d8a-e15f-3881-aec5-a385b656c3e9  |t 0 
952 f f |p ric  |a Texas A&M University  |b Rellis Campus  |c Joint Library Facility  |d Remote Storage  |t 0  |e J220 .N362 1990  |h Library of Congress classification  |i unmediated -- volume  |k t.7:pt.1  |m A14813784042 
952 f f |p ric  |a Texas A&M University  |b Rellis Campus  |c Joint Library Facility  |d Remote Storage  |t 0  |e J220 .N362 1990  |h Library of Congress classification  |i unmediated -- volume  |k t.12  |m A14813783931 
952 f f |p ric  |a Texas A&M University  |b Rellis Campus  |c Joint Library Facility  |d Remote Storage  |t 0  |e J220 .N362 1990  |h Library of Congress classification  |i unmediated -- volume  |k t.2  |m A14813783795 
952 f f |p ric  |a Texas A&M University  |b Rellis Campus  |c Joint Library Facility  |d Remote Storage  |t 0  |e J220 .N362 1990  |h Library of Congress classification  |i unmediated -- volume  |k t.9  |m A14813784084 
952 f f |p ric  |a Texas A&M University  |b Rellis Campus  |c Joint Library Facility  |d Remote Storage  |t 0  |e J220 .N362 1990  |h Library of Congress classification  |i unmediated -- volume  |k t.3  |m A14813783842 
952 f f |p ric  |a Texas A&M University  |b Rellis Campus  |c Joint Library Facility  |d Remote Storage  |t 0  |e J220 .N362 1990  |h Library of Congress classification  |i unmediated -- volume  |k t.6  |m A14813783999 
952 f f |p ric  |a Texas A&M University  |b Rellis Campus  |c Joint Library Facility  |d Remote Storage  |t 0  |e J220 .N362 1990  |h Library of Congress classification  |i unmediated -- volume  |k t.13  |m A14813783884 
952 f f |p ric  |a Texas A&M University  |b Rellis Campus  |c Joint Library Facility  |d Remote Storage  |t 0  |e J220 .N362 1990  |h Library of Congress classification  |i unmediated -- volume  |k t.5  |m A14813783949 
952 f f |p ric  |a Texas A&M University  |b Rellis Campus  |c Joint Library Facility  |d Remote Storage  |t 0  |e J220 .N362 1990  |h Library of Congress classification  |i unmediated -- volume  |k t.11  |m A14813783981 
952 f f |p ric  |a Texas A&M University  |b Rellis Campus  |c Joint Library Facility  |d Remote Storage  |t 0  |e J220 .N362 1990  |h Library of Congress classification  |i unmediated -- volume  |k t.1  |m A14812486099 
952 f f |p ric  |a Texas A&M University  |b Rellis Campus  |c Joint Library Facility  |d Remote Storage  |t 0  |e J220 .N362 1990  |h Library of Congress classification  |i unmediated -- volume  |k t.4  |m A14813783892 
952 f f |p ric  |a Texas A&M University  |b Rellis Campus  |c Joint Library Facility  |d Remote Storage  |t 0  |e J220 .N362 1990  |h Library of Congress classification  |i unmediated -- volume  |k t.10  |m A14813784034 
952 f f |p ric  |a Texas A&M University  |b Rellis Campus  |c Joint Library Facility  |d Remote Storage  |t 0  |e J220 .N362 1990  |h Library of Congress classification  |i unmediated -- volume  |k t.7:pt.2  |m A14813784092 
998 f f |a J220 .N362 1990  |s t.9-13  |t 0  |l Remote Storage